000 00543nam a22001457a 4500
003 0
005 20160609172258.0
008 130813t xxu||||| |||| 00| 0 eng d
040 _aBUAC
_bFr
_cBEPAC
100 _aADOUNVO, Générose Sèdonoundé
_926372
245 _aPotentialité à évaluation des terres de la commune de Tchaourou pour la culture de l’anacardier (anacardium occidentale L.)
_cADOUNVO, Générose Sèdonoundé
260 _aAbomey-Calavi
_bEcole Polytechnique d’Abomey-Calavi
_c2007
300 _a75 p.
942 _cTHE
999 _c52596
_d52596